000 00862nam a22002777a 4500
003 DO-SdBNP
005 20171127155732.0
008 161031b 1991 xxu a 00| 0 spa d
020 _a0307126374
040 _aBPMSU
_bspa
_cBPMSU
082 _axxxx
_bxxxx
100 1 _aBirney, Betty
245 1 0 _aNo one´s listening! /
_cBetty Birney ; ilustración Darrell Baker
260 _aRacine, Wisconsin :
_bWestern publishing,
_c1991.
300 _a[24] p. :
_bil.
_c22 cm.
490 0 _aOh, Bother!
490 0 _aDisney´s Winnie the Pooh helping hands book
500 _aA golden book, New York.
700 1 _aBaker, Darrell
_eil.
830 0 _aOh, Bother!
830 0 _aDisney´s Winnie the Pooh helping hands book
910 _a000144
942 _2ddc
_cBK
945 _aInventariado extranjero / 2017 YL
956 _aYLOCKWARD
_b10
_c20171127
_d144
999 _c13145
_d13145